00576nam a2200169Ia 4500008004100000020001400041040004400055050001100099100001800110245008600128260004800214300003600262500004800298650002600346700001700372999001700389 1978 of e 1 eng  a723407215 aAhmadu Bello University Library - Zaria aQh 237 aSMITH, Arthur 2aA Colour Atlas of Histological Staining Techniquescby Arthur Smith & John Bruton bWolfe Medical Publication Ltd. Londonc1977 a192p.: diagr, pictures & tables aIncludes bibliographical references & index aHistology, techniques aBRUTON, John c78318d78318